000 00616nam a2200193 i 4500
001 53016
003 ES-MaACL
005 20251002204038.0
007 t|
008 950908s1849 fr |||| | fre d
040 _aCAM
_bspa
_cCAM
245 0 3 _aLe droit au travail au Luxembourg et áa l'Assemblée Nationale... /
_cavec une introduction par Emile de Girardin.
260 _aParis :
_bMichel Lévy Frères,
_c1849.
300 _a2 v. ;
_c18 cm.
650 0 4 _aTrabajo-
_zFrancia
_917596
700 1 _aGirardin, Émile de,
_d1806-1881
_957233
852 _aES-MaACL
_jG-10308-9
999 _c53016
_d53016